000 00340pab a2200145 454500
008 180718b1985 xxu||||| |||| 00| 0 eng d
100 _aHyatt, Peter
245 _aLocal government - the challenge
260 _c1985
300 _a8-12
362 _aSept.
650 _aLocal Government
773 _aManagement Services
909 _a12690
999 _c12690
_d12690